01339nam a2200349Ia 450000500170000000800410001702000300005802000340008804100080012210000360013024501430016625000180030930000620032750000420038952100360043153400350046765000460050265000500054865000370059865000380063565000360067370000510070970000370076094200150079726400280081233600270084033700330086733800280090004000350092808400110096399900150097420220317001814.0170328s2015 c a g 000 f s  a9789584238771 (volumen 5) a9789584238726 (obra completa) aspa1 aLewis, Clive Staplesd1898-196314aLas crónicas de Narniabla travesía del viajero del AlbacC.S. Lewis ; traducción de Gemma Gallart ; ilustraciones de Pauline Baynes a8a. edición a312, [2] páginasbilustraciones a blanco y negroc21 cm aIncluye datos biográficos del autor aRecomendado desde los 12 años tThe Voyage of the Dawn Treader142LEMBaNovela juvenil irlandesaySiglo XIX142LEMBaLiteratura juvenil irlandesaySiglo XIX142LEMBaAventuras en la literatura142LEMBaFantasía en la literatura142LEMBaViajeros en la literatura1 aBaynes, Paulined1922-2008eilustradora9911771 aGallart, Gemmaetraductor971901 2loccBKLIT aBogotábPlanetac2015 atextobtxt2rdacontent asin mediaciónbn2rdamedia avolumenbnc2rdacarrier aCO-BoRNBPbspaerdacCO-BoRNBP aN LEW2 c8155d8155